Normal view
MARC view
- ويندوز (برامج حاسبات)
Entry Topical Term
001 - CONTROL NUMBER
- control field: 27650
003 - CONTROL NUMBER IDENTIFIER
- control field: JO-AjAnu
005 - DATE AND TIME OF LATEST TRANSACTION
- control field: 20230606074708.0
008 - FIXED-LENGTH DATA ELEMENTS
- fixed length control field: 230606|| aca||aabn | a|a d
040 ## - CATALOGING SOURCE
- Original cataloging agency: JO-AjAnu
- Transcribing agency: JO-AjAnu
150 ## - HEADING--TOPICAL TERM
- Topical term or geographic name entry element: ويندوز (برامج حاسبات)
670 ## - SOURCE DATA FOUND
- Source citation: Work cat.: (JO-AjAnu)14199: قطاش، عبد الحفيظ إبراهيم , author 27649, مشاكل وحلول ويندز XP:دراسة حديثة حول مشاكل وحلول نظام التشغيل ويندزXP